Cliquez sur la bonne traduction en allemand - La maison - Statistiques

Statistiques générales
  • Ce quiz a été pris 65 fois
  • Le résultat moyen est 11 sur 20
Statistiques - réponses
Hint Réponse % Correct
Maison Haus
91%
Jardin Garten
79%
Balcon Balkon
76%
Garage Garage
76%
Salle de bains Badezimmer
74%
Couloir Korridor
74%
Toilettes Toilette
74%
Bureau Arbeitszimmer
71%
Cuisine Küche
71%
Chambre Schlafzimmer
62%
Salle à manger Esszimmer
59%
Salon Wohnzimmer
56%
Escaliers Treppe
50%
Appartement Wohnung
47%
Rez-de-chaussé Erdgeschoss
41%
Toit Dach
38%
Cave Keller
38%
Entrée Flur
32%
Grenier Dachboden
18%
Etage Stock
18%
Aucun quiz correspondant
Distribution des résultats
% des personnes avec chaque résultat
Percentile par nombre de réponses
Votre historique - résultats
Vous n’avez pas pris ce quiz